Paul Robeson, the great forerunner /

Bibliographic Details
Format: Book
Language:English
Published: New York : Dodd, Mead, [1978]
Subjects:

MARC

Tag First Indicator Second Indicator Subfields
LEADER 00000pam a2200000 i 4500
001 in00000317821
005 20151011050426.0
008 780414s1978 nyuaf b 00100beng
010 |a  78007917  
020 |a 0396075452 :  |c $12.95 
035 |a (OCoLC)03844649 
035 |9 ABK1047AM 
040 |a DLC  |c DLC  |d TXA  |d UtOrBLW 
043 |a n-us--- 
049 |a TXAM  |c [1495642] 
050 0 0 |a E185.97  |b .R6475 
082 0 |a 790.2/092/4  |a B 
245 0 0 |a Paul Robeson, the great forerunner /  |c the editors of Freedomways. 
264 1 |a New York :  |b Dodd, Mead,  |c [1978] 
264 4 |c ©1978 
300 |a x, 383 pages, 16 unnumbered leaves of plates :  |b illustrations ;  |c 24 cm. 
336 |a text  |b txt  |2 rdacontent 
337 |a unmediated  |b n  |2 rdamedia 
338 |a volume  |b nc  |2 rdacarrier 
500 |a Includes index. 
504 |a Bibliography: pages 329-371. 
600 1 0 |a Robeson, Paul,  |d 1898-1976. 
650 0 |a African Americans  |v Biography. 
730 0 |a Freedomways. 
999 |a MARS 
999 f f |s 3dca0a5a-4bcf-3641-8c95-7d7cd4d6aade  |i cbad794e-e70c-390b-ac67-3d909e2036e6  |t 0 
952 f f |p normal  |a Texas A&M University  |b College Station  |c Sterling C. Evans Library  |d Evans: Library Stacks  |t 0  |e E185.97 .R6475  |h Library of Congress classification  |i unmediated -- volume  |m A14802195109 
998 f f |a E185.97 .R6475  |t 0  |l Evans: Library Stacks